Τα δικαιώματα του παιδιού σύμφωνα με τη σύμβαση του Οργανισμού Ηνωμένων Εθνών και η επίδρασή της στην ελληνική νομοθεσία : η πρόληψη της παραβατικότητας των ανηλίκων και η προστασία των ανηλίκων δραστών στα πλαίσια του Ο.Η.Ε. : διπλωματική εργασία [μεταπτυχιακή εργασία]
Αποθηκεύτηκε σε:
| Κύριος συγγραφέας: | |
|---|---|
| Συγγραφή απο Οργανισμό/Αρχή: | |
| Άλλοι συγγραφείς: | |
| Μορφή: | Thesis Βιβλίο |
| Γλώσσα: | Greek |
| Δημοσίευση: |
2009
|
| Θέματα: | |
| Διαθέσιμο Online: | http://hdl.handle.net/11610/12398 |
| Ετικέτες: |
Προσθήκη ετικέτας
Δεν υπάρχουν, Καταχωρήστε ετικέτα πρώτοι!
|
MARC
| LEADER | 00000cam a2200000 i 4500 | ||
|---|---|---|---|
| 001 | 1/13561 | ||
| 008 | 110608s2009 gre d | ||
| 035 | |l 10110247 | ||
| 040 | |a GR-MY-UA |b gre |e aacr | ||
| 041 | 0 | |a gre | |
| 082 | 0 | |a 323.353 |2 (22) | |
| 100 | 1 | |a Παντελλίδη, Βασιλική-Κωνσταντίνα. | |
| 245 | 1 | 3 | |a Τα δικαιώματα του παιδιού σύμφωνα με τη σύμβαση του Οργανισμού Ηνωμένων Εθνών και η επίδρασή της στην ελληνική νομοθεσία : |b η πρόληψη της παραβατικότητας των ανηλίκων και η προστασία των ανηλίκων δραστών στα πλαίσια του Ο.Η.Ε. : διπλωματική εργασία [μεταπτυχιακή εργασία] / |c Βασιλική Κωνσταντίνα Παντελλίδη ; επιβλέπων: Κ.Δ. Μαγκλιβέρας |
| 260 | |c 2009 | ||
| 300 | |a 128 σ.; |c 30 εκ. | ||
| 500 | |a Μέλη εξεταστικής επιτροπής: Σεϊμένης Ιωάννης, Σατλάνης Χρίστος | ||
| 502 | |a Διατριβή (μεταπτυχιακή) – Πανεπιστήμιο Αιγαίου, Ρόδος, 2009. | ||
| 504 | |a Βιβλιογραφία: σ. 127-128 | ||
| 610 | 2 | 0 | |a United Nations. |
| 650 | 0 | 0 | |a Children's rights. |
| 650 | 0 | 0 | |a Children's rights |z Greece. |
| 650 | 0 | 0 | |a Children |x Legal status, laws, etc. |
| 650 | 0 | 0 | |a Dissertations, Academic |z Greece. |
| 700 | 1 | |4 ths |a Μαγκλιβέρας, Κωνσταντίνος Δ., |d 1963- | |
| 710 | 2 | |a Πανεπιστήμιο Αιγαίου |b Σχολή Ανθρωπιστικών Επιστημών |b Τμήμα Μεσογειακών Σπουδών |b Πρόγραμμα Μεταπτυχιακών Σπουδών Πολιτικές, Οικονομικές και Διεθνείς Σχέσεις στη Μεσόγειο. | |
| 852 | |a INST |b RHODES |c DIATR |e 20110608 |h 323.353 ΠΑΝ |p 005400033243 |q 005400033243 |t MTXE |y 23 | ||
| 852 | |a INST |b RHODES |c DIATR |e 20110608 |h 323.353 ΠΑΝ |p 005400033522 |q 005400033522 |t MTXE |y 23 | ||
| 856 | |u http://hdl.handle.net/11610/12398 | ||
| 901 | |a BIBL4-2011-2 | ||
| 909 | |a Ρ |b 163658 | ||
| 909 | |a Ρ |b 163659 | ||
| 924 | |a ΠΑΝΤΕΛΛΙΔΗ |b ΒΑΣΙΛΙΚΗ-ΚΩΝΣΤΑΝΤΙΝΑ |y ΡΟΔΟΣ |z 2011-06 | ||
| 970 | |z 2010/05/ | ||